Electron and ion optics /

Bibliographic Details
Main Author: Szilágyi, Miklós
Format: Book
Language:English
Published: New York : Plenum Press, [1988]
Series:Microdevices.
Subjects:

MARC

Tag First Indicator Second Indicator Subfields
LEADER 00000cam a2200000 a 4500
001 in00000035148
005 20151007055314.0
008 871109s1988 nyua b 00110 eng
010 |a  87032180  
020 |a 0306427176 
035 |a (OCoLC)17224892 
035 |9 AAB7852AM 
040 |a DLC  |c DLC  |d TXA  |d UtOrBLW 
049 |a TXAM  |c [A11087680] 
050 0 0 |a QC793.5.E62  |b S95 1988 
082 0 |a 537.5/6  |2 19 
100 1 |a Szilágyi, Miklós. 
245 1 0 |a Electron and ion optics /  |c Miklós Szilágyi. 
264 1 |a New York :  |b Plenum Press,  |c [1988] 
264 4 |c ©1988 
300 |a xvi, 539 pages :  |b illustrations ;  |c 26 cm. 
336 |a text  |b txt  |2 rdacontent 
337 |a unmediated  |b n  |2 rdamedia 
338 |a volume  |b nc  |2 rdacarrier 
490 1 |a Microdevices 
504 |a Bibliography: pages 515-528. 
500 |a Includes index. 
650 0 |a Electron optics. 
650 0 |a Electron beams. 
650 0 |a Ion bombardment. 
650 0 |a Electromagnetic lenses. 
830 0 |a Microdevices. 
999 |a MARS 
999 f f |s 10f80038-84ad-3872-a542-a3fc8c8377a9  |i e4b4c43e-d294-3042-9f3d-2c5d88ee4f06  |t 0 
952 f f |p normal  |a Texas A&M University  |b College Station  |c Sterling C. Evans Library  |d Evans: Library Stacks  |t 0  |e QC793.E62 S95 1988  |h Library of Congress classification  |i unmediated -- volume  |m A14811087680 
998 f f |a QC793.E62 S95 1988  |t 0  |l Evans: Library Stacks